| 000 | 00718 a2200193 4500 | ||
|---|---|---|---|
| 999 |
_c4446 _d4446 |
||
| 020 | _a0631133860 : | ||
| 020 | _a0631138250 (pbk.) : | ||
| 050 | 0 | 0 | _aP40 FAS 1990 |
| 100 | 1 |
_aFasold, Ralph W. _eauthor |
|
| 245 | 1 | 4 |
_aThe sociolinguistics of language / _cRalph Fasold. |
| 264 |
_aMassachusetts : _bBlackwell Publishers, _c1990 |
||
| 300 |
_ax, 342 p. : _bill. ; |
||
| 440 | _aIntroduction to sociolinguistics; v. 2 ; Language in Society; 6 | ||
| 500 | _aIncludes bibliographical references (p. [315]-342) and index. | ||
| 504 | _aIncludes bibliographical references (p. [315]-342) and index. | ||
| 650 | 0 | _aSociolinguistics. | |
| 942 |
_2lcc _cBK _h40 _iFAS _kP |
||